Nghiên cứu phản ứng đồng trùng hợp ghép Acrylamit lên tinh bột sắn

Tổng quan về sắn. Tinh bột sắn. Đồng trùng hợp ghép. Thực nghiệm. Kết quả và thảo luận

Đã lưu trong:
Chi tiết về thư mục
Tác giả chính: Nguyễn, Thị Phong (Tác giả)
Tác giả khác: Trần Mạnh Lục T.S (Hướng dẫn)
Định dạng: Sách
Ngôn ngữ:Vietnamese
Được phát hành: Đà Nẵng Đại học Đà Nẵng 2011
Những chủ đề:
Các nhãn: Thêm thẻ
Không có thẻ, Là người đầu tiên thẻ bản ghi này!
Thư viện lưu trữ: Mạng thư viện Đại học Đà Nẵng
LEADER 01218nam a2200349 4500
001 000011765
003 8036
005 20120209160212.0
008 120209s2011 viesd
041 |a vie 
072 |a Luận văn Thạc sĩ khoa học 
082 |a 664.23  |b NG-P 
100 |a Nguyễn, Thị Phong  |e Tác giả 
245 |a Nghiên cứu phản ứng đồng trùng hợp ghép Acrylamit lên tinh bột sắn  |c Nguyễn Thị Phong 
260 |a Đà Nẵng  |b Đại học Đà Nẵng  |c 2011 
300 |a 139 tr.  |c 29 cm  |e CD. Tóm tắt 
500 |a Luận văn Thạc sĩ khoa học. Chuyên ngành: Hóa hữu cơ 
520 |a Tổng quan về sắn. Tinh bột sắn. Đồng trùng hợp ghép. Thực nghiệm. Kết quả và thảo luận 
653 |a Phản ứng 
653 |a Đồng trùng hợp 
653 |a Ghép Acrylamit 
653 |a Tinh bột sắn 
653 |a Nghiên cứu 
700 |a Trần Mạnh Lục  |c T.S  |e Hướng dẫn 
OWN |a LSP 
999 |a From the UDN01 
TYP |a Monograph 
TYP |a Printed language 
980 |a Mạng thư viện Đại học Đà Nẵng